000 00301nam a2200109Ia 4500
008 200302s9999 xx 000 0 und d
100 _aAlan Jay Christensen
245 _aDictionary of Landscsape Architecture and Construction
260 _bTata Mcgraw-Hill Co. Inc.
260 _c2005
300 _a479 P.,
999 _c5022
_d5022